| 000 | 00511nam a22001937a 4500 | ||
|---|---|---|---|
| 003 | CEME | ||
| 005 | 20210628203324.0 | ||
| 008 | 210126b xxu||||| |||| 00| 0 eng d | ||
| 020 | _a81-219-2318-2 | ||
| 040 | _c. | ||
| 082 | _a621.3192 GUP | ||
| 100 |
_aGupta, B.R, Singhal,Vandana _962375 |
||
| 245 | _aFundamentals of electrical networks | ||
| 250 | _a2ND | ||
| 260 |
_aNEW DELHI _bCHAND & COMPANY _c2009 |
||
| 300 | _aXIV,620P | ||
| 650 |
_aELECTRICAL NETWORKS-FUNDAMENTALS. _964707 |
||
| 942 |
_cBK _2ddc |
||
| 999 |
_c573121 _d573121 |
||